000 00689nam a22001937a 4500
005 20220301111352.0
008 220301b |||||||| |||| 00| 0 eng d
020 _a0787106852
050 _aRC 489,
_b.P67J36 1996
100 _aJanov Arthur
245 _aWhy you get sick,how to get well :
_b The healing power of feelings/
_cDr. Arthur Janov
260 _aWest Hollywood, CA. :
_bDove Books,
_c©1996.
300 _axv, 295 p. :
_b ill. (some color) ;
_c24 cm
504 _aIncludes Bibliographical Reference and Index
650 _a Primal therapy.
650 _aMental Healing.
650 _aPsychotherapy.
942 _2lcc
_hRC 489 .P67J36 1996
_cBOOKS
999 _c31253
_d31253